<?xml version="1.0" encoding="UTF-8"?><?xml-stylesheet type="text/xsl" href="static/style.xsl"?><OAI-PMH xmlns="http://www.openarchives.org/OAI/2.0/" xmlns:xsi="http://www.w3.org/2001/XMLSchema-instance" xsi:schemaLocation="http://www.openarchives.org/OAI/2.0/ http://www.openarchives.org/OAI/2.0/OAI-PMH.xsd"><responseDate>2026-04-17T06:20:45Z</responseDate><request verb="GetRecord" identifier="oai:www.recercat.cat:2445/120666" metadataPrefix="marc">https://recercat.cat/oai/request</request><GetRecord><record><header><identifier>oai:recercat.cat:2445/120666</identifier><datestamp>2025-12-05T14:59:06Z</datestamp><setSpec>com_2072_1057</setSpec><setSpec>col_2072_478917</setSpec><setSpec>col_2072_478937</setSpec></header><metadata><record xmlns="http://www.loc.gov/MARC21/slim" xmlns:dcterms="http://purl.org/dc/terms/" xmlns:xsi="http://www.w3.org/2001/XMLSchema-instance" xmlns:doc="http://www.lyncode.com/xoai" xsi:schemaLocation="http://www.loc.gov/MARC21/slim http://www.loc.gov/standards/marcxml/schema/MARC21slim.xsd">
   <leader>00925njm 22002777a 4500</leader>
   <datafield ind2=" " ind1=" " tag="042">
      <subfield code="a">dc</subfield>
   </datafield>
   <datafield ind2=" " ind1=" " tag="720">
      <subfield code="a">Vilanou, Conrad</subfield>
      <subfield code="e">author</subfield>
   </datafield>
   <datafield ind2=" " ind1=" " tag="720">
      <subfield code="a">Prats Gil, Enric</subfield>
      <subfield code="e">author</subfield>
   </datafield>
   <datafield ind2=" " ind1=" " tag="720">
      <subfield code="a">Vilafranca Manguán, Isabel</subfield>
      <subfield code="e">author</subfield>
   </datafield>
   <datafield ind2=" " ind1=" " tag="260">
      <subfield code="c">2018-03-13T13:49:41Z</subfield>
   </datafield>
   <datafield ind2=" " ind1=" " tag="260">
      <subfield code="c">2018-03-13T13:49:41Z</subfield>
   </datafield>
   <datafield ind2=" " ind1=" " tag="260">
      <subfield code="c">2017-03-28</subfield>
   </datafield>
   <datafield ind2=" " ind1=" " tag="260">
      <subfield code="c">2018-03-13T13:49:41Z</subfield>
   </datafield>
   <datafield ind2=" " ind1=" " tag="520">
      <subfield code="a">En este artículo se presenta una breve descripción de las dos revistas peda-gógicas más significativas que promovió en el siglo pasado la Universidad de Barcelona. Nos referimos a la Revista de Psicologia i Pedagogia (1933-1937) que codirigieron Emilio Mira y Joaquín Xirau, dos intelectuales que respondían a perfiles diferenciados. Sin embargo, ambos fueron los responsables de una revista que sin negar la viabilidad de los trabajos experimentales (línea de trabajo de Mira) abrió las puertas a la recepción de la pedagogía de las ciencias del espíritu (Dilthey, Spranger). Después de la Guerra Civil (1936-1939), el profesor Juan Tusquets -abanderado de la pedagogía comparada en Es-paña- fundó la revista Perspectivas Pedagógicas (1958-1984) cuando la Guerra Fría estaba en su punto más álgido. Finalmente, y coincidiendo con la caída del muro de Berlín (1989), inició su singladura la revista Temps d'Educació, cuya trayectoria, enmarcada en el paradigma de las ciencias de la educación, ha adquirido últimamente una orientación pragmático-social, tal como corresponde a unos tiempos críticos, postideológicos y pos-modernos.</subfield>
   </datafield>
   <datafield tag="653" ind2=" " ind1=" ">
      <subfield code="a">Revistes</subfield>
   </datafield>
   <datafield tag="653" ind2=" " ind1=" ">
      <subfield code="a">Pedagogia</subfield>
   </datafield>
   <datafield tag="653" ind2=" " ind1=" ">
      <subfield code="a">Psicologia</subfield>
   </datafield>
   <datafield tag="653" ind2=" " ind1=" ">
      <subfield code="a">Universitat de Barcelona</subfield>
   </datafield>
   <datafield tag="653" ind2=" " ind1=" ">
      <subfield code="a">Periodicals</subfield>
   </datafield>
   <datafield tag="653" ind2=" " ind1=" ">
      <subfield code="a">Pedagogy</subfield>
   </datafield>
   <datafield tag="653" ind2=" " ind1=" ">
      <subfield code="a">Psychology</subfield>
   </datafield>
   <datafield ind2="0" ind1="0" tag="245">
      <subfield code="a">Las revistas pedagógicas de la Universidad de Barcelona: Revista de psicologia i Pedagogia (1933-1937) y Perspectivas Pedagógicas (1958-1984). Una contribución al debate pedagógico contemporáneo</subfield>
   </datafield>
</record></metadata></record></GetRecord></OAI-PMH>